| 000 | 00827nam a2200253 a 4500 | ||
|---|---|---|---|
| 001 | BRCA_4594 | ||
| 005 | 20190320204729.0 | ||
| 008 | 240910s1948----u--a######---#000-0#eng-# | ||
| 041 | _aeng | ||
| 044 | _au | ||
| 050 | 4 |
_aNK7983 _b.R82 1948 |
|
| 100 | 1 |
_aRichard C., Rudolph _911624 |
|
| 245 | 1 | 0 |
_aHarvard Journal of Asiatics Studies _cRudolph Richard C. |
| 260 |
_aBaltimore, Maryland _bJ. H. Furst _c1948 |
||
| 300 |
_a1 v. (en varias paginaciones) _bil., 3 láminas _c25 cm. |
||
| 500 | _aVol. 11, Nos. 1 y 2 junio, 1948 | ||
| 500 | _aArtículo que consta de 11 páginas. Inventariado por Banco de México como libro | ||
| 500 | _aD27 | ||
| 501 | _aDynastic Booty: an altereted Chinese bronze | ||
| 650 | 1 | 4 |
_aBronces _zChina _911625 |
| 710 | 2 |
_aInstituto Harvard-Yenching _911626 |
|
| 902 | _aGFM | ||
| 942 |
_2lcc _cB |
||
| 999 |
_c4299 _d4299 |
||